Statystyki dla Minecraft ultimate

Kliknij tutaj aby rozwiązać quiz!

Ogólne statystyki

  • Ten quiz został rozwiązany 24 razy
  • Średni wynik to 48 z 375

Statystyki odpowiedzi

HintOdpowiedź% Poprawnych
.Diament
76%
.Zloto
59%
MateriałyŻelazo
53%
.Miedz
47%
.Burak
41%
.Chleb
41%
.Diamentowy miecz
41%
.Jablko
41%
.Mak
41%
.Szmaragd
41%
JedzenieZiemniak
41%
.Bialy
35%
.Brazowy
35%
.Ciasto
35%
.Czarny
35%
.Diamentowa siekiera
35%
.Diamentowy helm
35%
NarzędzieDrewniany kilof
35%
.Jajo szkieleta
35%
.Jajo zombie
35%
.Luk
35%
.Marchewka
35%
.Rozowy
35%
.Skórzane buty
35%
SkrzynieSkrzynia
35%
.Szary
35%
TransportWagonik
35%
.Żelazna motyka
35%
.Żelazna siekiera
35%
.Żelazne buty
35%
.Żelazny miecz
35%
.Złote buty
35%
.Zolty
35%
.Ciastko
29%
.Czerwony
29%
.Diamentowa lopata
29%
.Diamentowa motyka
29%
.Diamentowy kilof
29%
.Diamentowy napiersnik
29%
.Drewniana lopata
29%
.Drewniana motyka
29%
.Drewniana siekiera
29%
BrońDrewniany miecz
29%
.Elytra
29%
.Fioletowy
29%
.Kamienna lopata
29%
.Kamienna motyka
29%
.Kamienna siekiera
29%
.Kamienny kilof
29%
.Kamienny miecz
29%
.Kusza
29%
.Kwarc
29%
.Lazuryt
29%
.Niebieski
29%
.Pomarańczowy
29%
.Redstone
29%
.Skórzane spodnie
29%
ZbrojaSkórzany hełm
29%
.Skrzynia pulapka
29%
RoślinyTrawa
29%
.Wegiel
29%
.Żelazna lopata
29%
.Żelazne spodnie
29%
.Żelazny helm
29%
.Żelazny kilof
29%
.Żelazny napiersnik
29%
.Zielony
29%
.Złotą lopata
29%
.Złotą motyka
29%
.Złotą siekiera
29%
.Złote spodnie
29%
.Złoty helm
29%
.Złoty kilof
29%
.Złoty miecz
29%
.Złoty napiersnik
29%
Plyty (nazwa)11
24%
.13
24%
.5
24%
.Arbuz
24%
.Diamentowe buty
24%
.Diamentowe spodnie
24%
.Dynia
24%
BarwnikiGranatowy
24%
.Magenta
24%
KwiatyMlecz
24%
.Netherytowa lopata
24%
.Netherytowa motyka
24%
.Netherytowa siekiera
24%
.Netherytowy kilof
24%
.Netherytowy miecz
24%
.Pieczona baranina
24%
.Skora
24%
.Skórzany napiersnik
24%
.Slabosci
24%
.Złote jablko
24%
.Akacjowa lodka
18%
.Blocks
18%
.Brzozowa lodka
18%
.Cat
18%
.Dębowa łódka
18%
.Jajo endermana
18%
.Jajo krowy
18%
.Jajo owcy
18%
.Jajo swini
18%
.Jasnoszary
18%
.Lilia
18%
.Liscie
18%
.
Netherytowe buty
18%
.Netherytowe spodnie
18%
.Netherytowy helm
18%
.Netherytowy napiersnik
18%
.Obraz
18%
.Oddychania pod woda
18%
.Odporności na ogien
18%
.Pieczona wolowina
18%
.Pieczony kurczak
18%
.Pieczony ziemniak
18%
.Powolnego opadania
18%
.Regeneracji
18%
.Roza
18%
.Skrzynia kresu
18%
.Slonecznik
18%
StrzałyStrzala
18%
.Tulipan
18%
.Wiadro
18%
.Wysoka trawa
18%
.Zgniłe mieso
18%
.Złotą marchewka
18%
.Zupa grzybowa
18%
.Bambus
12%
.Brodawka
12%
.Cukier
12%
.Czosnek
12%
.Dorsz
12%
.Jajo endermita
12%
.Jajo fantoma
12%
.Jajo hoglina
12%
.Jajo konia
12%
.Jajo kota
12%
.Jajo kozy
12%
.Jajo kurczaka
12%
.Jajo lamy
12%
.Jajo mula
12%
.Jajo ocelota
12%
.Jajo osadnika
12%
.Jajo osla
12%
.Jajo pajaka
12%
.Jajo papugi
12%
.Jajo piglina
12%
.Jajo shulkera
12%
.Jajo slima
12%
.Jajo wiedzmy
12%
.Jajo wilka
12%
.Jasnozielony
12%
.Łosoś
12%
.Muchomor
12%
.Niewidzialnosci
12%
.Oko pajaka
12%
.Pieczony dorsz
12%
.Pieczony krolik
12%
.Pieczony łosoś
12%
.Pigstep
12%
.Podejrzana potrawka
12%
.Skorupa zolwia
12%
.Spowolnienia
12%
.Surowa baranina
12%
.Surowy kurczak
12%
.Swierkowa lodka
12%
.Szybkosci
12%
.Trojzab
12%
.Trucizny
12%
.Wiadro z woda
12%
.Wodorosty
12%
.Brązowy grzyb
6%
.Chirp
6%
.Ciasto dyniowe
6%
.Ciemnodebowa lodka
6%
.Dżunglowa lodka
6%
.Far
6%
.Houstonia
6%
.Jagody
6%
.Jajo aksolotla
6%
.Jajo delfina
6%
.Jajo dewastatora
6%
.Jajo dorsza
6%
.Jajo dreczyciela
6%
.Jajo grzybowej krowy
6%
.Jajo kijanki
6%
.Jajo kostki magmy
6%
.Jajo krolika
6%
.Jajo lisa
6%
.Jajo lososia
6%
.Jajo nadzorcy
6%
.Jajo nietoperza
6%
.Jajo obroncy
6%
.Jajo osadnika zombie
6%
.Jajo osmiornicy
6%
Jaja mobówJajo otuszka
6%
.Jajo pajaka jaskiniowego
6%
.Jajo pandy
6%
.Jajo pigmena
6%
.Jajo plomyka
6%
.Jajo posucha
6%
.Jajo przywolywacza
6%
.Jajo pszczoly
6%
.Jajo rozdymki
6%
.Jajo starszego straznika
6%
.Jajo straznika
6%
.Jajo tropikalnej ryby
6%
.Jajo tulacza
6%
.Jajo utopca
6%
.Jajo zaby
6%
.Jajo zoglina
6%
.Jajo zolwia
6%
.Jajo zombie pigmena
6%
.Kaktus
6%
.Kolczaste buty
6%
.Kolczaste spodnie
6%
.Kolczasty hełm
6%
.Kolczasty napiersnik
6%
.Kretorosl
6%
.Krzywdy
6%
.Lamentorosl
6%
.Łza ghasta
6%
.Mall
6%
.Margaretka
6%
.Mellohi
6%
.Miska
6%
.Mleko
6%
.Morski
6%
.Natychmiastowego leczenia
6%
.Odłamek ametystu
6%
.Oko kresu
6%
.Orchidea
6%
.Owoc chorusu
6%
.Paproc
6%
.Patyk
6%
.Piorko
6%
.Płomienna rozdzka
6%
.Pnacze
6%
.Proch
6%
.Rozdymka
6%
.Sadzonka akacji
6%
.Sadzonka brzozy
6%
.Sadzonka ciemnego debu
6%
.Sadzonka debu
6%
.Sadzonka swierku
6%
.Sadzonka tropikalna
6%
.Sfermentowane oko pajaka
6%
.Skóra krolika
6%
.Spaczone korzenie
6%
.Spaczony grzyb
6%
.Stal
6%
.Strad
6%
.Strzała niewidzialnosci
6%
.Strzała oddychania pod wodą
6%
.Strzała odporności na ogien
6%
.Strzała powolnego opadania
6%
.Strzała regeneracji
6%
.Strzała sily
6%
.Strzała skoku
6%
.Strzała slabosci
6%
.Strzała spowolnienia
6%
.Strzała szczescia
6%
.Strzała szybkosci
6%
.Strzała trucizny
6%
.Strzała widmo
6%
.Surowa wolowina
6%
.Surowy krolik
6%
.Świecące jagody
6%
Mikstury (czego)Szczescia
6%
.Szkarłatne korzenie
6%
.Szkarłatny grzyb
6%
.Tarczka
6%
.Trawa morska
6%
.Tropikalna ryba
6%
.Trzcina cukrowa
6%
.Uschniety krzak
6%
.Wagonik że skrzynka
6%
.Wagonik z lejem
6%
.Wagonik z piecem
6%
.Wagonik z tnt
6%
.Wait
6%
.Wegiel drzewny
6%
.Wiadro z ryba
6%
.Widzenia w ciemnosci
6%
.Witherowa roza
6%
.Wysokiego skoku
6%
.Złoty arbuz
6%
.Bez
0%
.Butelka miodu
0%
.Cegla
0%
.Diamentowa zbroja na konia
0%
.Ender perla
0%
.Fajerwerka
0%
.Fragment plyty
0%
.Glina
0%
.Gwiazda pirotechniczna
0%
.Jajo czyhacza
0%
.Jajo ghasta
0%
.Jajo konia szkieleta
0%
.Jajo konia zombie
0%
.Jajo lamy podroznika
0%
.Jajo magmolaza
0%
.Jajo nieszwiedzia polarnego
0%
.Jajo piglina okrutnika
0%
.Jajo pillagera
0%
.Jajo podroznika
0%
.Jajo rybika cukrowego
0%
.Jajo świecącej osmiornicy
0%
.Jajo wither szkieleta
0%
.Kosc
0%
.Kryształ pryzmarynu
0%
.Krzemien
0%
.Kulą ognia
0%
.Kulą szlamu
0%
.Łódka ze skrzynka
0%
.Mączka kostna
0%
.Magmowy krem
0%
.Mangrowa lodka
0%
.Membrana fantoma
0%
.Mistrza zolwi
0%
.Muszla lodzika
0%
.Nasiona buraka
0%
.Nasiona kakao
0%
.Nasiona przenicy
0%
.Netherowa cegla
0%
.Netherowa gwiazda
0%
.Netherytowa sztabka
0%
.Nic
0%
.Oddech smoka
0%
.Odłamek echa
0%
.Odłamek netherytu
0%
.Odłamek pryzmarynu
0%
.Otherside
0%
.Papier
0%
.Pieczony stek
0%
.Piwonia
0%
.Płomienny proszek
0%
.Prażony owoc refrenusu
0%
.Proszek jasnoglazu
0%
DekoracjeRamka na przedmiot
0%
.Sadzonka mangrowu
0%
.Samorodek zelaza
0%
.Samorodek zlota
0%
.Serce oceanu
0%
.Skorupa shulkera
0%
.Skórzana zbroja na konia
0%
.Stopa krolika
0%
.Strzała krzywdy
0%
.Strzała mistrza zolwi
0%
.Strzała natychmiastowego leczenia
0%
.Strzała withera
0%
.Surowa miedz
0%
.Surowe zelazo
0%
.Surowe zloto
0%
.Surowy stek
0%
.Świecącą ramka na przedmiot
0%
.Świecącą torba z atramentem
0%
.Torba z atramentem
0%
.Wagonik z blokiem komend
0%
.Wagonik że spawnerem
0%
.Ward
0%
.Wiadro że sniegiem
0%
.Wiaro z lawa
0%
.Wysuszony wodorost
0%
.Wzór baneru
0%
.Zaklęte jablko
0%
.Zatruty ziemniak
0%
.Zborze
0%
.Żelazna zbroja na konia
0%
.
Złotą zbroja na konia
0%
.Zupa z borakow
0%
.Zupa z krolika
0%

Rozkład punktacji

Percentyl według liczby udzielonych odpowiedzi

Procent ludzi z każdym wynikiem

Twoja historia wyników

Nie rozwiązałeś tego quizu